| 000 | 004860000a22001930004500 | ||
|---|---|---|---|
| 001 | 004658 | ||
| 003 | MACL | ||
| 005 | 20150919111456.0 | ||
| 008 | 150919b xxu||||| |||| 00| 0 eng d | ||
| 040 |
_aMACL _cMACL |
||
| 041 | _aEnglish | ||
| 082 | _a823/PRI | ||
| 100 |
_aPritchard, F.H. _911918 |
||
| 245 |
_aThe Great Short Stories Of Yesterday _cF.H. Pritchard |
||
| 260 |
_aNew Delhi _c1997 _bCrest Publishing, |
||
| 350 | _a90 | ||
| 650 |
_aFiction _911919 |
||
| 942 |
_k823 _cBK _2ddc |
||
| 999 |
_c16545 _d16545 |
||